Os 5 menores países da América do Sul em 20 seg - Statistics

Estatísticas Gerais
  • Esse quiz foi jogado 311 vezes
  • A pontuação média é 5 de 5
Respostas no mapa
Respostas codificadas por cores de uma escala verde-vermelha no mapa do quiz de acordo com a % correta abaixo.
 
Estatísticas das Respostas
Resposta % Correto
Guiana
98%
Suriname
98%
Equador
92%
Uruguai
91%
Paraguai
86%
Nenhum quiz correspondente encontrado
Distribuição das Pontuações
Porcentagem de Pessoas com Cada Pontuação
Percentil de Números Respondidos
Sua Pontuação Histórica
Você não jogou esse quiz